000
00298nam a2200121Ia 4500
008
240624s9999 xx 000 0 und d
041
_a
eng
082
_a
332.63 CHA
100
_a
CHAN JACINTA
245
_a
FINANCIAL TIMES GUIDE TO TECHNICAL ANALY
260
_c
2011
_a
New Delhi,2011
365
_c
RS
999
_c
31364
_d
31364